Tournées d'été du XV de France. - Statistiques

Statistiques générales
  • Ce quiz a été pris 171 fois
  • Le résultat moyen est 10 sur 13
Statistiques - réponses
Année Nations % Correct
1961 | 1968 | 1979 | 1984 |1986 | 1989 | 1994 | 1999 | 2001 | 2003 | 2007 | 2009 | 2013 | 2018 | 2025 Nouvelle-Zélande
99%
1949 | 1954 | 1960 | 1974 |1977 | 1985 | 1986 | 1988 | 1992 | 1996 | 1998 | 2002 | 2003 | 2010 | 2012 | 2016 | 2024 Argentine
98%
1961 | 1968 | 1972 | 1981 |1986 | 1990 | 1997 | 2002 | 2005 | 2008 | 2009 | 2014 | 2021 | 1968 | 1972 | 1981 | 1986 | 1990 | 1997 | 2002 | 2005 | 2008 | 2009 | 2014 | 2021 Australie
98%
1958 | 1964 | 1967 | 1971 |1975 | 1980 | 1993 | 2001 | 2005 | 2006 | 2010 | 2017 Afrique du Sud
96%
1978 | 2022 Japon
93%
1979 | 1998 Fidji
88%
1999 Samoa
82%
1999 Tonga
82%
2024 Uruguay
78%
1991 | 2004 États-Unis
73%
1978 | 1994 | 2004 Canada
69%
1997 | 2006 Roumanie
44%
1958 | 1964 | 1967 Rhodésie
34%
Aucun quiz correspondant
Distribution des résultats
% des personnes avec chaque résultat
Percentile par nombre de réponses
Votre historique - résultats
Vous n’avez pas pris ce quiz